| 000 | 01061nam a22003377a 4500 | ||
|---|---|---|---|
| 003 | CHAP | ||
| 005 | 20220329134252.0 | ||
| 008 | 971013s1969 r 00010 d | ||
| 010 | _a17895 | ||
| 011 | _a18867 | ||
| 035 | _a22952 | ||
| 040 | _cCHAP | ||
| 082 |
_a006 _bJ7 |
||
| 100 | 0 | 0 |
_aJramoi, A. V. _962244 |
| 245 | _aIntroducción e historia de la cibernética | ||
| 260 |
_aMéxico, D.F., : _bGrijalbo, _c1969 |
||
| 300 | _a157 p | ||
| 490 |
_aColección 70 _v; 38 |
||
| 590 |
_aBATCH-UPD _b10 _c20130110 _lUCH01 _h0241 |
||
| 590 |
_aBATCH-UPD _b10 _c20130110 _lUCH01 _h2157 |
||
| 590 |
_aBATCH-UPD _b10 _c20130409 _lUCH01 _h2307 |
||
| 590 |
_aBATCH-UPD _b10 _c20130410 _lUCH01 _h1505 |
||
| 590 |
_aBATCH-UPD _b10 _c20130914 _lUCH01 _h0930 |
||
| 590 |
_aCONVERSION _b10 _c20130109 _lUCH01 _h1311 |
||
| 650 | 1 | 4 |
_aCibernética. _923033 |
| 830 | 0 |
_aColección 70 _v; 38 _924662 |
|
| 901 | _aBK | ||
| 942 | _cLIBRO | ||
| 949 |
_a006 J7 _bBC _cLIBRO _d-53553 _eLIBRO _h14350 _i22952 _si _t25.00 |
||
| 949 |
_a006 J7 _bBC _cLIBRO _d-53554 _eLIBRO _fc.2 _h15996 _i22952 _si _t25.00 |
||
| 999 |
_c17895 _d17895 |
||